000 00718nam a2200253Ia 4500
003 OSt
005 20221005055859.0
006 a|||||r|||| 00| 0
007 ta
008 221004b |||||||| |||| 00| 0 eng d
020 _a9780713993677 (hbk)
024 _a121287
037 _bGift, 18/09/2012,
_cTextual
040 _aCRL
_cCRL
_beng
041 _2eng
_aeng
082 _aV2.P1, P7
100 _aMisra Maria
_931580
245 0 _aVishnu's crowded temple
_b India since the great rebellion
260 _aLondon
_bPenguin Books UK
_c2007
300 _axxxiii, 535p.
_ccm.
650 _aHISTORY
942 _hV2.P1, P7
_cTEXL
_2cc
999 _c965849
_d965849